000
00325nam a2200145Ia 4500
008
200103s9999||||xx |||||||||||||| ||und||
020
_a
9780552136785
040
_a
IMU-MPC
082
_a
Column-64
100
_a
Hailey, Arthur
245
4
_a
The evening news
260
_b
Corgi Books
_c
1990
300
_a
647
942
_c
BK
999
_c
11406
_d
11406